Water Supply Engineering Vol.I (Record no. 61129)

MARC details
000 -LEADER
fixed length control field 00539nam a22002177a 4500
003 - CONTROL NUMBER IDENTIFIER
control field OSt
005 - DATE AND TIME OF LATEST TRANSACTION
control field 20250422115607.0
008 - FIXED-LENGTH DATA ELEMENTS--GENERAL INFORMATION
fixed length control field 250422b |||||||| |||| 00| 0 eng d
020 ## - INTERNATIONAL STANDARD BOOK NUMBER
International Standard Book Number 978-81-7409-120-8
040 ## - CATALOGING SOURCE
Transcribing agency Trident
082 ## - DEWEY DECIMAL CLASSIFICATION NUMBER
Classification number 628.1
Item number GAR
100 ## - MAIN ENTRY--PERSONAL NAME
Personal name Santosh Kumar Garg
245 ## - TITLE STATEMENT
Title Water Supply Engineering Vol.I
250 ## - EDITION STATEMENT
Edition statement 37th
260 ## - PUBLICATION, DISTRIBUTION, ETC.
Place of publication, distribution, etc. New Delhi
Name of publisher, distributor, etc. Khanna Publishers
Date of publication, distribution, etc. 2024
300 ## - PHYSICAL DESCRIPTION
Extent "XX,1106"p;
500 ## - GENERAL NOTE
General note Quantity-10
650 ## - SUBJECT ADDED ENTRY--TOPICAL TERM
Topical term or geographic name entry element Civil
651 ## - SUBJECT ADDED ENTRY--GEOGRAPHIC NAME
Source of heading or term Environmental Engineering
942 ## - ADDED ENTRY ELEMENTS (KOHA)
Source of classification or shelving scheme Dewey Decimal Classification
Koha item type Books
Suppress in OPAC No
Holdings
Withdrawn status Lost status Source of classification or shelving scheme Damaged status Not for loan Home library Current library Shelving location Date acquired Total Checkouts Full call number Barcode Date last seen Price effective from Koha item type Date last checked out Date due
    Dewey Decimal Classification     Central Library, Trident Academy of Technology Central Library, Trident Academy of Technology General Stacks 04/22/2025   628.1 GAR 61554 04/22/2025 04/22/2025 Books    
    Dewey Decimal Classification     Central Library, Trident Academy of Technology Central Library, Trident Academy of Technology General Stacks 04/22/2025 1 628.1 GAR 61555 02/11/2026 04/22/2025 Books 04/24/2025  
    Dewey Decimal Classification     Central Library, Trident Academy of Technology Central Library, Trident Academy of Technology General Stacks 04/22/2025 1 628.1 GAR 61556 04/23/2025 04/22/2025 Books 04/23/2025 11/19/2025
    Dewey Decimal Classification     Central Library, Trident Academy of Technology Central Library, Trident Academy of Technology General Stacks 04/22/2025 1 628.1 GAR 61557 04/23/2025 04/22/2025 Books 04/23/2025 11/19/2025
    Dewey Decimal Classification     Central Library, Trident Academy of Technology Central Library, Trident Academy of Technology General Stacks 04/22/2025   628.1 GAR 61558 04/22/2025 04/22/2025 Books    
    Dewey Decimal Classification     Central Library, Trident Academy of Technology Central Library, Trident Academy of Technology General Stacks 04/22/2025 1 628.1 GAR 61559 11/13/2025 04/22/2025 Books 04/28/2025  
    Dewey Decimal Classification     Central Library, Trident Academy of Technology Central Library, Trident Academy of Technology General Stacks 04/22/2025 1 628.1 GAR 61560 02/23/2026 04/22/2025 Books 04/24/2025  
    Dewey Decimal Classification     Central Library, Trident Academy of Technology Central Library, Trident Academy of Technology General Stacks 04/22/2025   628.1 GAR 61561 04/22/2025 04/22/2025 Books    
    Dewey Decimal Classification     Central Library, Trident Academy of Technology Central Library, Trident Academy of Technology General Stacks 04/22/2025 1 628.1 GAR 61562 11/12/2025 04/22/2025 Books 04/24/2025  
    Dewey Decimal Classification     Central Library, Trident Academy of Technology Central Library, Trident Academy of Technology General Stacks 04/22/2025 1 628.1 GAR 61563 04/24/2025 04/22/2025 Books 04/24/2025 11/20/2025
Trident Academy of Technology © 2023.
All rights reserved.                                                                                                                                                                                                        Designed by Team of Central Library .

Powered by Koha